[Event "Czechia KP-chTA 0607"]
[Site "Czech Republic"]
[Date "2007.02.04"]
[Round "7.8"]
[White "Komarek, Michal"]
[Black "Hrbac, Petr"]
[Result "1/2-1/2"]
[WhiteElo "1600"]
[BlackElo "1250"]
[PlyCount "100"]
[EventDate "2006.10.29"]
[EventType "team"]
[EventRounds "11"]
[EventCountry "CZE"]
[SourceTitle "EXT 2008"]
[Source "ChessBase"]
[SourceDate "2007.11.25"]
[SourceVersion "1"]
[SourceVersionDate "2007.11.25"]
[SourceQuality "1"]
[WhiteTeam "AS MB"]
[BlackTeam "Zebrak"]
[WhiteTeamCountry "CZE"]
[BlackTeamCountry "CZE"]

1. e4 e5 2. Nf3 d6 3. d4 exd4 4. Nxd4 Nf6 5. Nc3 Be7 6. Bc4 0-0 7. Be3 c6 8. h3 Nbd7 9. Nf5 Ne5 10. Nxe7+ Qxe7 11. Bb3 Be6 12. Qe2 Bxb3 13. axb3 a6 14. 0-0-0 Rfd8 15. Bg5 Qe6 16. f4 Ned7 17. Rhe1 Re8 18. Qd2 Nc5 19. Bxf6 Qxf6 20. Qxd6 Ne6 21. f5 Qg5+ 22. Qd2 Qxd2+ 23. Rxd2 Nf8 24. Red1 b5 25. Re1 Rad8 26. Rxd8 Rxd8 27. e5 Re8 28. Kd2 Nd7 29. e6 fxe6 30. fxe6 Nc5 31. e7 Kf7 32. b4 Nd7 33. Ne4 Rxe7 34. Ng5+ Ke8 35. Nxh7 Rxe1 36. Kxe1 Nb6 37. Kd2 Nd5 38. Ng5 Nxb4 39. Ne6 Kf7 40. Nf4 g5 41. Nd3 Nd5 42. g3 Ne7 43. h4 gxh4 44. gxh4 Nf5 45. Ne5+ Ke6 46. Nxc6 Nxh4 47. Nb4 a5 48. Nc6 Nf3+ 49. Kc3 b4+ 50. Kc4 Ne1 1/2-1/2

[Event "Czechia KP-chTA 0607"]
[Site "Czech Republic"]
[Date "2007.01.21"]
[Round "6.8"]
[White "Hrbac, Petr"]
[Black "Vlcek, Marek"]
[Result "0-1"]
[WhiteElo "1250"]
[BlackElo "1884"]
[PlyCount "104"]
[EventDate "2006.10.29"]
[EventType "team"]
[EventRounds "11"]
[EventCountry "CZE"]
[SourceTitle "EXT 2008"]
[Source "ChessBase"]
[SourceDate "2007.11.25"]
[SourceVersion "1"]
[SourceVersionDate "2007.11.25"]
[SourceQuality "1"]
[WhiteTeam "Zebrak"]
[BlackTeam "Uholicky"]
[WhiteTeamCountry "CZE"]
[BlackTeamCountry "CZE"]

1. e4 e5 2. Nf3 Nc6 3. Be2 Nf6 4. d3 Bc5 5. 0-0 h6 6. h3 d6 7. a3 a5 8. Bd2 Be6 9. Nh2 Qd7 10. Be3 Nd4 11. Bxd4 Bxd4 12. c3 Bb6 13. Bg4 Nxg4 14. Nxg4 h5 15. Nh2 g5 16. d4 g4 17. d5 g3 18. dxe6 gxh2+ 19. Kxh2 Qxe6 20. Nd2 Qh6 21. Kh1 c6 22. Nc4 Bc7 23. Qf3 Rg8 24. Ne3 0-0-0 25. Nf5 Qg5 26. a4 h4 27. Rad1 Rg6 28. b4 Rdg8 29. Rg1 Qf6 30. bxa5 Qd8 31. c4 Bxa5 32. Ne3 Rf6 33. Qe2 Rf4 34. Nf5 Kb8 35. c5 Rxf5 36. exf5 d5 37. Qxe5+ Bc7 38. Qd4 Qg5 39. Qd3 Qf4 40. g3 hxg3 41. fxg3 Qf2 42. Rg2 Qxc5 43. Rb1 Qa5 44. Qb3 Qa6 45. g4 Re8 46. Rgb2 b6 47. Qa3 d4 48. Qb3 Re3 49. Qd1 Rxh3+ 50. Kg1 c5 51. Rb5 Qb7 52. Kf2 Rh2+ 0-1

[Event "CZE-chT3A Middle 0506  "]
[Site "Czech Republic"]
[Date "2006.02.19"]
[Round "8.8"]
[White "Hrbac, Petr"]
[Black "Vokal, Petr"]
[Result "0-1"]
[WhiteElo "1550"]
[BlackElo "1669"]
[PlyCount "116"]
[EventDate "2005.10.30"]
[EventType "team"]
[EventRounds "11"]
[EventCountry "CZE"]
[SourceTitle "EXT 2009"]
[Source "ChessBase"]
[SourceDate "2008.11.26"]
[SourceVersion "1"]
[SourceVersionDate "2008.11.26"]
[SourceQuality "1"]

1. e4 e5 2. Bc4 Nc6 3. d3 h6 4. Ne2 Bc5 5. 0-0 d6 6. Ng3 Nf6 7. Be3 Bxe3 8. fxe3 Bg4 9. Qe1 Qd7 10. a3 0-0-0 11. Nc3 a6 12. Nd5 Nxd5 13. Bxd5 Be6 14. Qf2 Rdf8 15. c3 Ne7 16. Bxe6 Qxe6 17. Nf5 g6 18. Nxe7+ Qxe7 19. Qf6 Qd7 20. d4 Qb5 21. Rab1 Qd3 22. Qe7 Qxe3+ 23. Rf2 Qxe4 24. Rbf1 Qe3 25. Kh1 exd4 26. Qf6 dxc3 27. Rf3 Qe5 28. Rxc3 Qxf6 29. Rxf6 Re8 30. h3 Re7 31. Rxd6 Rd8 32. Rf6 h5 33. Rcf3 Rdd7 34. b4 Kd8 35. Kh2 Ke8 36. Rc3 c6 37. Rcf3 Rd4 38. Kg1 Rde4 39. Kh2 Re3 40. Rxf7 Rxf3 41. Rxf3 Re6 42. Kg3 Ke7 43. Kh4 Re5 44. g4 a5 45. gxh5 Rxh5+ 46. Kg4 axb4 47. axb4 Re5 48. Kf4 Rf5+ 49. Ke4 Rxf3 50. Kxf3 g5 51. Kg4 Kf6 52. h4 gxh4 53. Kxh4 Ke5 54. Kg4 Kd4 55. b5 cxb5 56. Kf3 Kd3 57. Kf2 b4 58. Ke1 Kc2 0-1